00413nam a2200133Ia 4500008004100000020001900041082001800060100001700078245003600095300001000131942001200141999001900153952010700172210430s9999 xx 000 0 und d a3766-3767-3768 a297.01 I821 I aA.S. Bukhari aIslamic EducationcA.S. Bukhari a495p. cBK2ddc c564551d564551 001040708NFICaSCMEbSCMEcGENd0001-11-12l0o297.01 I821 IpSCME-3768r2021-04-30w2021-04-30yBK